Le maire urbain français : un entrepreneur politique / par Philippe Garraud un entrepreneur politique / par Philippe Garraud
Descripción Física:
36 p. ; 21 cm
Materias:
Alcaldes -- França
MARC
| LEADER | 00000nam a2200000Ia 4500 | ||
|---|---|---|---|
| 001 | 16377 | ||
| 008 | 160829s1990 xx 000 0 cat d | ||
| 080 | |a FU-41-51 | ||
| 100 | |a Garraud, Philippe |9 39197 | ||
| 245 | |a Le maire urbain français : |b un entrepreneur politique / par Philippe Garraud | ||
| 260 | |a Barcelona : |b Institut de Ciències Polítiques i Socials, |c 1990 | ||
| 300 | |a 36 p. ; |c 21 cm | ||
| 490 | |a Working papers / Institut de Ciències Polítiques i Socials ; 10 | ||
| 590 | |a Referències bibliogràfiques | ||
| 650 | |a Alcaldes |x França |9 39198 | ||
| 710 | 2 | |a Institut de Ciències Polítiques i Socials (Barcelona, Catalunya) |9 55871 | |
| 901 | |a Arxiu | ||
| 942 | |n 1 | ||
| 952 | |0 0 |1 0 |4 0 |6 FU4151 |7 1 |9 48863 |a Arxiu |b Arxiu |d 2016-12-01 |l 0 |o FU-41-51 |p 16377 |r 2016-12-01 00:00:00 |w 2016-12-01 |y ARXIU | ||
| 999 | |c 52698 |d 52698 | ||